Odyseja /

Zapisane w:
Opis bibliograficzny
1. autor: Homer
Korporacja: Wydawnictwo Greg
Kolejni autorzy: Siemieński, Lucjan (1807-1877), Popławska, Anna (filolożka) (Opracowanie), Tondera, Ewa (Opracowanie), Siudak, Jacek (Ilustracje)
Format: Książka
Język:polski
Wydane: Kraków : Wydawnictwo Greg, copyright 2017.
Wydanie:Wydanie 2. rozszerzone i uzupełnione.
Seria:Lektura (Greg)
Hasła przedmiotowe:
Etykiety: Dodaj etykietę
Nie ma etykietki, Dołącz pierwszą etykiete!

MARC

LEADER 00000nam a2200000 i 4500
001 991019202429705066
005 20260515140228.0
008 171120s2017 pl a |001 p pol
020 |z 9788373272859 
035 |a 991019202429705066 
035 |a (PL-WaBN)b58114750-48omnis_nlop 
035 |a b58114750 
035 |a (OCoLC)1036589692 
035 |a (PL)b0000005811475 
035 |a (EXLNZ-48OMNIS_NETWORK)9910466809805606 
040 |a WA N  |c WA N  |d WA N 
041 1 |a pol 
080 |a 821.14-1 
080 |a 821.14(091)-1 
080 |a (075.3-021.66) 
090 |c 126  |d 125 
100 0 |a Homer 
245 1 0 |a Odyseja /  |c Homer ; przełożył Lucjan Siemieński ; opracowały Anna Popławska, Ewa Tondera ; [ilustracje Jacek Siudak]. 
246 1 |i Tytuł oryginału:  |a Odusseia 
250 |a Wydanie 2. rozszerzone i uzupełnione. 
260 |a Kraków :  |b Wydawnictwo Greg,  |c copyright 2017. 
300 |a 326 stron :  |b ilustracje ;  |c 21 cm. 
490 1 |a Lektura z Opracowaniem 
500 |a Na stronie tytułowej: Notatki na marginesie, cytaty, które warto znać, streszczenie. Na książce błędnie przypisany ISBN. 
504 |a Indeks. 
600 0 7 |a Homer. 
600 0 7 |a Odyseusz  |c (postać mitologiczna) 
600 0 7 |a Penelopa  |c (postać mitologiczna) 
600 0 7 |a Telemach  |c (postać mitologiczna) 
650 7 |a Epos 
650 7 |a Język polski (przedmiot szkolny) 
650 7 |a Literatura grecka 
650 7 |a Podróże morskie 
650 7 |a Władcy i władczynie 
650 7 |a Wojownicy i wojowniczki 
651 7 |a Itaka (Grecja ; wyspa) 
700 1 |a Siemieński, Lucjan  |d (1807-1877).  |t Tłumaczenie 
700 1 |a Popławska, Anna  |c (filolożka)  |e Opracowanie 
700 1 |a Tondera, Ewa  |e Opracowanie 
700 1 |a Siudak, Jacek  |e Ilustracje 
710 2 |a Wydawnictwo Greg 
830 0 |a Lektura (Greg) 
920 |z 978-83-7327-285-9 
942 |c K 
952 |0 0  |1 0  |4 0  |6 R__90_000000000000000  |7 0  |9 118  |a RYT  |b RYT  |d 2026-05-13  |e 1/2014  |g 10.00  |l 0  |o R.90  |p 2000000000909  |r 2026-05-15 14:02:28  |w 2026-05-15  |y BK  |z da 
999 |c 118  |d 118